000 00494nam a2200157Ia 4500
005 20250423100947.0
008 250422s9999 xx 000 0 und d
020 _a9783031185632
050 _aTA 410 .E35/
100 _aEdited by Holm Altenbach et..al.
245 0 _aSolid Mechanics, theory of elasticity and creep
260 _c2023
300 _a373 p
650 _a Strains and stresses. Fracture mechanics. Photoelasticity. Strain gages. Mechanics.
942 _cBK
999 _c34867
_d34867